Practical business systems development using SSADM : a complete tutorial guide

Αποθηκεύτηκε σε:
Λεπτομέρειες βιβλιογραφικής εγγραφής
Κύριος συγγραφέας: Weaver, Philip L.
Άλλοι συγγραφείς: Lambrou, Nick 1956-, Walkley, Matthew
Μορφή: Βιβλίο
Γλώσσα:English
Δημοσίευση: New York, NY : Financial Times Prentice Hall, 2002
Έκδοση:3η έκδ.
Θέματα:
Ετικέτες: Προσθήκη ετικέτας
Δεν υπάρχουν, Καταχωρήστε ετικέτα πρώτοι!

MARC

LEADER 00000nam a2200000 i 4500
001 1/65318
008 041110s2002 eng d
020 |a 0-273-65575-2 
035 |l 10075187 
040 |a GR-MY-UA  |b gre  |e aacr 
041 0 |a eng 
082 0 |a 005.12 
100 1 |a Weaver, Philip L. 
245 1 0 |a Practical business systems development using SSADM :  |b a complete tutorial guide /  |c Philip L. Weaver, Nick Lambrou, and Matthew Walkley 
250 |a 3η έκδ. 
260 |a New York, NY :   |b Financial Times Prentice Hall,   |c 2002 
300 |a ix, 429 σ.;  |b εικ.;  |c 24 εκ. 
500 |a Αναθεωρημένη έκδοση του : Practical SSADM version 4+. 1998. 
504 |a Περιέχει ευρετήριο 
650 0 0 |a Electronic data processing  |x Structured techniques. 
650 0 0 |a Business  |x Data processing. 
700 1 |a Lambrou, Nick  |d 1956- 
700 1 |a Walkley, Matthew. 
852 |a INST  |b SAMOS  |e 20041110  |h 005.12 WEA  |p 005300022817  |q 005300022817  |t BK  |y 4  |x 20200221 
852 |a INST  |b SAMOS  |e 20041110  |h 005.12 WEA  |p 005300022818  |q 005300022818  |t BK  |y 0 
852 |a INST  |b SAMOS  |e 20041110  |h 005.12 WEA  |p 005300022819  |q 005300022819  |t BK  |y 0 
852 |a INST  |b SAMOS  |e 20041110  |h 005.12 WEA  |p 005300022820  |q 005300022820  |t BK  |y 23 
901 |a BIBL3-2004-3 
909 |a Σ  |b 114005 
909 |a Σ  |b 114006 
909 |a Σ  |b 114007 
909 |a Σ  |b 114008 
920 |a ΔΙΕΥΡΥΝΣΗ  |b ΕΠΕΑΕΚ-ΤΜΠΕΣ  |y ΣΑΜΟΣ  |z 2004-10 
970 |a ΜΑΛΑΓΑΡΗ  |b ΦΩΤΕΙΝΗ  |z 2004/11/10